| 000 | 00731nam a22001935i 4500 | ||
|---|---|---|---|
| 001 | 152645 | ||
| 003 | ES-MaACL | ||
| 005 | 20250809023209.0 | ||
| 008 | 970319s1892 sp |||| | spa d | ||
| 100 | 1 |
_aBragat, José. _931283 |
|
| 245 | 1 | 0 |
_aApéndice segundo a la legislación de montes de Emilio Ramos / _cpor José Bragat y Viñals. |
| 260 |
_aMadrid : _b[s.n.], _c1892 ( _fImp. de Ricardo Rojas) |
||
| 300 |
_aXXII, 128, 3 p. ; _c24 cm. |
||
| 650 | 7 |
_aDerecho forestal- _zEspaña _2 _9148105 |
|
| 650 | 4 |
_aMontes públicos- _zEspaña. _9143761 |
|
| 700 | 1 |
_aRamos, Emilio. _995251 |
|
| 852 |
_aES-MaACL _jG-9538 _z- Enc. hol., falto de la enc. original _z- Enc. en un vol. facticio |
||
| 999 |
_c152645 _d152645 |
||